| 000 | 00561nam a22001817a 4500 | ||
|---|---|---|---|
| 003 | UA-OsUOA | ||
| 001 | 14508 | ||
| 007 | ta | ||
| 008 | 20031006b un ||||| |||| 00| 0 ukr d | ||
| 100 | _aПастухова Н. | ||
| 942 | _cSA | ||
| 040 |
_aUA-OsUOA _cUA-OsUOA _dUA-OsUOA |
||
| 245 |
_aРотарі - не масони, масони - не Ротарі _b[Про діяльність клубу Ротарі у м. Рівному] |
||
| 300 | _aС.8-9 | ||
| 955 | _a0 | ||
| 773 | 0 |
_w0 _tОго _dРівне _d2003 _g№121/17 лип./ |
|
| 650 | 7 |
_aКлуби _2UDC |
|
| 999 |
_c300669 _d300669 |
||